| 000 | 00538nam a2200157Ia 4500 | ||
|---|---|---|---|
| 008 | 170221s9999 xx 000 0 und d | ||
| 100 | _aFatang Chen. | ||
| 245 | _aAdaptive Space-Time Block Coded Spatial Modulation Algorithm Based on Constellation Transformation | ||
| 245 | _cFatang Chen, Fanchao Zha, and Hanyan Zhang | ||
| 260 | _bJournal of Communications | ||
| 260 | _c2016 | ||
| 300 | _a11 : 10 | ||
| 650 | _xCommunication | ||
| 650 | _xMedia Arts | ||
| 856 | _uhttp://www.jocm.us/index.php?m=content&c=index&a=lists&catid=167 | ||
| 999 |
_c306753 _d306753 |
||